[Event "Liga Madrileña - DH 2015-2016"]
[Site "Madrid ESP"]
[Date "2016.01.23"]
[Round "7.32"]
[White "Arribas Lopez, Angel"]
[Black "Gallego Jimenez, Victoriano"]
[Result "1-0"]
[WhiteElo "2526"]
[BlackElo "2362"]
[PlyCount "71"]
[EventDate "2015.11.22"]
[EventType "team-tourn"]
[EventRounds "14"]
[EventCountry "ESP"]
[Source "lmi"]
[SourceDate "2015.11.22"]
[WhiteTeam "Collado Villalba"]
[BlackTeam "La Casa del Ajedrez"]
[WhiteTeamCountry "ESP"]
[BlackTeamCountry "ESP"]

1. e4 c5 2. Nc3 Nc6 3. Bb5 Na5 4. Nf3 a6 5. Be2 e6 6. O-O b5 7. d4 cxd4 8. Nxd4
Bb7 9. a3 d6 10. b4 Nc6 11. a4 Nxd4 12. Qxd4 e5 13. Qe3 bxa4 14. Nxa4 Nf6 15.
Nb6 Rb8 16. Bxa6 Bxa6 17. Rxa6 Be7 18. Bd2 Qc7 19. Nd5 Nxd5 20. exd5 Qc4 21.
Qd3 Qxd3 22. cxd3 Rb5 23. Ra5 Rb7 24. Ra8+ Bd8 25. Rfa1 O-O 26. R1a7 Rxa7 27.
Rxa7 Bb6 28. Rd7 Ra8 29. Kf1 Kf8 30. Rxd6 Bd4 31. Rc6 Ra1+ 32. Rc1 Rxc1+ 33.
Bxc1 Ke7 34. Be3 Kd6 35. Bxd4 exd4 36. Ke2 1-0

[Event "Liga Madrileña - DH 2015-2016"]
[Site "Madrid ESP"]
[Date "2016.01.23"]
[Round "7.33"]
[White "Elguezabal Varela, Daniel"]
[Black "Moreno Ruiz, Javier"]
[Result "1/2-1/2"]
[WhiteElo "2363"]
[BlackElo "2435"]
[PlyCount "116"]
[EventDate "2015.11.22"]
[EventType "team-tourn"]
[EventRounds "14"]
[EventCountry "ESP"]
[Source "lmi"]
[SourceDate "2015.11.22"]
[WhiteTeam "La Casa del Ajedrez"]
[BlackTeam "Collado Villalba"]
[WhiteTeamCountry "ESP"]
[BlackTeamCountry "ESP"]

1. d4 Nf6 2. Nf3 g6 3. g3 Bg7 4. Bg2 O-O 5. O-O d6 6. c4 c6 7. Nc3 Qa5 8. e4 e5
9. h3 Nbd7 10. Re1 exd4 11. Nxd4 Ne5 12. Bf1 Re8 13. Be3 Be6 14. Nxe6 Rxe6 15.
Kg2 a6 16. c5 dxc5 17. f4 Rd8 18. Qc2 Ned7 19. Rad1 Rde8 20. Bc4 R6e7 21. e5
Nb6 22. Bf1 Nfd5 23. Nxd5 Nxd5 24. Bxc5 Rd7 25. b4 Qd8 26. Qb3 g5 27. Bc4 gxf4
28. Bxd5 Rxd5 29. gxf4 Rd2+ 30. Bf2 Re6 31. Qf3 Qd5 32. Qxd5 Rxd5 33. Rxd5 cxd5
34. Bg3 Rc6 35. Re2 f5 36. Rd2 Bf8 37. Rxd5 Bxb4 38. Rd8+ Bf8 39. Bh4 Kf7 40.
Rd7+ Ke6 41. Rxb7 Rc2+ 42. Kf1 Rc4 43. Bg3 Rc3 44. Rb3 Rxb3 45. axb3 Kd5 46.
Bh4 Bh6 47. Bg3 Bf8 48. Ke2 Be7 49. Kd3 Bd8 50. Be1 Be7 51. Bf2 Bd8 52. b4 Be7
53. Bc5 Bh4 54. Bf8 Bg3 55. Ke3 Be1 56. Be7 Ke6 57. Bd6 Kd5 58. Bf8 Bg3 1/2-1/2

[Event "Liga Madrileña - DH 2015-2016"]
[Site "Madrid ESP"]
[Date "2016.01.23"]
[Round "7.34"]
[White "Reyes Larena, Juan"]
[Black "Suarez Uriel, Adrian"]
[Result "1/2-1/2"]
[WhiteElo "2447"]
[BlackElo "2278"]
[PlyCount "83"]
[EventDate "2015.11.22"]
[EventType "team-tourn"]
[EventRounds "14"]
[EventCountry "ESP"]
[Source "lmi"]
[SourceDate "2015.11.22"]
[WhiteTeam "Collado Villalba"]
[BlackTeam "La Casa del Ajedrez"]
[WhiteTeamCountry "ESP"]
[BlackTeamCountry "ESP"]

1. e4 d6 2. d4 Nf6 3. Nc3 e5 4. Nf3 Nbd7 5. Bc4 Be7 6. O-O Nb6 7. Be2 exd4 8.
Nxd4 O-O 9. a4 a5 10. Re1 Re8 11. Bf1 g6 12. h3 Nfd7 13. Nd5 Bf8 14. Nxb6 Nxb6
15. c3 c6 16. Bf4 d5 17. exd5 Rxe1 18. Qxe1 Nxd5 19. Be5 Qe7 20. Bc4 Bd7 21.
Bxd5 cxd5 22. Nf3 f6 23. Bd4 Qxe1+ 24. Nxe1 Kf7 25. Nd3 Bd6 26. Nc5 Bxc5 27.
Bxc5 Ra6 28. f3 Rc6 29. Bd4 Bf5 30. Rc1 Bd3 31. Kf2 Re6 32. Be3 g5 33. b4 Rc6
34. bxa5 Rc4 35. Kg1 Rxa4 36. Rd1 Bc4 37. Rb1 Rxa5 38. Rxb7+ Kg6 39. Bd4 Ra6
40. Kh2 Re6 41. Kg3 h5 42. Rb6 1/2-1/2

[Event "Liga Madrileña - DH 2015-2016"]
[Site "Madrid ESP"]
[Date "2016.01.23"]
[Round "7.35"]
[White "Guadamuro Torrente, Ana Isabel"]
[Black "Martin Duque, Jesus"]
[Result "0-1"]
[WhiteElo "2147"]
[BlackElo "2347"]
[PlyCount "84"]
[EventDate "2015.11.22"]
[EventType "team-tourn"]
[EventRounds "14"]
[EventCountry "ESP"]
[Source "lmi"]
[SourceDate "2015.11.22"]
[WhiteTeam "La Casa del Ajedrez"]
[BlackTeam "Collado Villalba"]
[WhiteTeamCountry "ESP"]
[BlackTeamCountry "ESP"]

1. e4 e6 2. Nc3 d5 3. Nf3 Nf6 4. e5 Nfd7 5. d4 c5 6. dxc5 Nc6 7. Bf4 Nxc5 8.
Bb5 a6 9. Bxc6+ bxc6 10. O-O Be7 11. Qd2 Bb7 12. Rfe1 h6 13. Bg3 O-O 14. Qd4
Nd7 15. Qg4 c5 16. Rad1 Bc6 17. Ne2 Rb8 18. Nf4 Kh7 19. b3 Rb4 20. c3 Re4 21.
Rxe4 dxe4 22. Nxe6 fxe6 23. Qxe6 Qc8 24. Qxe7 exf3 25. Rd6 Nb8 26. e6 Qe8 27.
Qxe8 Rxe8 28. gxf3 Bxf3 29. Rd3 Be4 30. Re3 Bf5 31. Bxb8 Rxb8 32. Re5 Kg6 33.
Rxc5 Re8 34. Kg2 Rxe6 35. Kg3 Kf6 36. c4 g5 37. b4 Re4 38. Rc6+ Be6 39. Rxa6
Rxc4 40. b5 Ke5 41. a4 Rc3+ 42. Kg2 Bh3+ 0-1

[Event "Liga Madrileña - DH 2015-2016"]
[Site "Madrid ESP"]
[Date "2016.01.23"]
[Round "7.36"]
[White "Ortega Ruiz, Jose Miguel"]
[Black "Collado Barbas, Laura"]
[Result "1-0"]
[WhiteElo "2288"]
[BlackElo "2121"]
[PlyCount "93"]
[EventDate "2015.11.22"]
[EventType "team-tourn"]
[EventRounds "14"]
[EventCountry "ESP"]
[Source "lmi"]
[SourceDate "2015.11.22"]
[WhiteTeam "Collado Villalba"]
[BlackTeam "La Casa del Ajedrez"]
[WhiteTeamCountry "ESP"]
[BlackTeamCountry "ESP"]

1. d4 d5 2. c4 e6 3. Nf3 c6 4. e3 f5 5. Ne5 Nf6 6. f4 Bd6 7. Bd3 O-O 8. O-O b6
9. Nc3 Ne4 10. cxd5 exd5 11. Qb3 Nf6 12. e4 fxe4 13. Nxe4 Nxe4 14. Bxe4 Bxe5
15. dxe5 Rf7 16. Bc2 Qe7 17. Qc3 g6 18. Be3 Be6 19. b4 Na6 20. a3 c5 21. Qd3
Nc7 22. bxc5 bxc5 23. Ba4 d4 24. Bd2 Bd5 25. Rae1 Qe6 26. Rc1 Qg4 27. g3 Ne6
28. Bd1 Qf5 29. Qxf5 gxf5 30. g4 Rg7 31. Kf2 c4 32. Kg3 Nc5 33. Bb4 Ne4+ 34.
Kh4 fxg4 35. Bxg4 c3 36. f5 Nd2 37. Rf4 Nb3 38. Rc2 Rc7 39. Be2 Rg7 40. f6 Rg2
41. Bc4 Bxc4 42. Rxg2+ Kh8 43. f7 Bxf7 44. Rxf7 Rg8 45. Rxg8+ Kxg8 46. Rf2 a5
47. e6 1-0

[Event "Liga Madrileña - DH 2015-2016"]
[Site "Madrid ESP"]
[Date "2016.01.23"]
[Round "7.41"]
[White "Aranda Marin, Cristian"]
[Black "Rubio Mejia, Luis Ignacio"]
[Result "1/2-1/2"]
[WhiteElo "2352"]
[BlackElo "2457"]
[PlyCount "87"]
[EventDate "2015.11.22"]
[EventType "team-tourn"]
[EventRounds "14"]
[EventCountry "ESP"]
[Source "lmi"]
[SourceDate "2015.11.22"]
[WhiteTeam "San Fernando de Henares"]
[BlackTeam "Virgen de Atocha"]
[WhiteTeamCountry "ESP"]
[BlackTeamCountry "ESP"]

1. d4 Nf6 2. c4 e6 3. g3 d5 4. Nf3 Bb4+ 5. Bd2 Bd6 6. Bg2 c6 7. O-O O-O 8. Bg5
Nbd7 9. Nbd2 h6 10. Bxf6 Nxf6 11. Qc2 b6 12. e4 Be7 13. e5 Nd7 14. cxd5 cxd5
15. Rfc1 Bb7 16. Qc7 Rb8 17. Bf1 a6 18. a3 Qxc7 19. Rxc7 Rfd8 20. Ne1 Kf8 21.
Nd3 Ke8 22. Nb4 Bxb4 23. axb4 Rdc8 24. Rcc1 Rxc1 25. Rxc1 Rc8 26. Rxc8+ Bxc8
27. b5 Nb8 28. Nb1 axb5 29. Bxb5+ Bd7 30. Nc3 Bxb5 31. Nxb5 Nc6 32. Kf1 Na5 33.
Ke2 Nc4 34. b4 Kd7 35. Nc3 Na3 36. b5 Ke7 37. Kd3 f6 38. f4 Kf7 39. f5 Nc4 40.
fxe6+ Kxe6 41. exf6 gxf6 42. g4 Nb2+ 43. Ke3 Nc4+ 44. Kd3 1/2-1/2

[Event "Liga Madrileña - DH 2015-2016"]
[Site "Madrid ESP"]
[Date "2016.01.23"]
[Round "7.42"]
[White "Almagro Llamas, Pablo"]
[Black "Fernandez Blazquez, Diego"]
[Result "0-1"]
[WhiteElo "2429"]
[BlackElo "2229"]
[PlyCount "72"]
[EventDate "2015.11.22"]
[EventType "team-tourn"]
[EventRounds "14"]
[EventCountry "ESP"]
[Source "lmi"]
[SourceDate "2015.11.22"]
[WhiteTeam "Virgen de Atocha"]
[BlackTeam "San Fernando de Henares"]
[WhiteTeamCountry "ESP"]
[BlackTeamCountry "ESP"]

1. d4 Nf6 2. Nf3 e6 3. c4 b6 4. g3 Ba6 5. Qa4 Bb7 6. Bg2 Be7 7. O-O O-O 8. Rd1
d5 9. Nc3 c6 10. Qc2 Nbd7 11. Bf4 Rc8 12. e4 dxc4 13. h4 Re8 14. Bh3 Nf8 15. g4
h5 16. g5 Ng4 17. Qe2 Ng6 18. Bg3 b5 19. Bxg4 hxg4 20. Nh2 b4 21. Na4 Qa5 22.
b3 c5 23. dxc5 Bxc5 24. h5 Nf8 25. Qxg4 Red8 26. Nf3 c3 27. g6 f6 28. h6 c2 29.
Re1 Bd6 30. hxg7 Kxg7 31. e5 Bxe5 32. Nxe5 fxe5 33. Qg5 Nxg6 34. f3 Rd5 35.
Rac1 e4 36. Qg4 Rg5 0-1

[Event "Liga Madrileña - DH 2015-2016"]
[Site "Madrid ESP"]
[Date "2016.01.23"]
[Round "7.43"]
[White "Jimenez Lopez, Antonio"]
[Black "Espinosa Aranda, Angel"]
[Result "0-1"]
[WhiteElo "2142"]
[BlackElo "2401"]
[PlyCount "90"]
[EventDate "2015.11.22"]
[EventType "team-tourn"]
[EventRounds "14"]
[EventCountry "ESP"]
[Source "lmi"]
[SourceDate "2015.11.22"]
[WhiteTeam "San Fernando de Henares"]
[BlackTeam "Virgen de Atocha"]
[WhiteTeamCountry "ESP"]
[BlackTeamCountry "ESP"]

1. e4 e6 2. d3 c5 3. Nf3 Nc6 4. g3 Nf6 5. Nbd2 g6 6. Bg2 Bg7 7. O-O O-O 8. c3
d5 9. Re1 Qc7 10. exd5 Nxd5 11. Nb3 b6 12. d4 cxd4 13. Nbxd4 Nxd4 14. Nxd4 Bb7
15. Bg5 h6 16. Bd2 Rad8 17. Qc1 Kh7 18. h4 Nf6 19. Bf4 Qd7 20. Nf3 Qc8 21. Qc2
Bd5 22. Ne5 Bxg2 23. Kxg2 Qb7+ 24. f3 Nh5 25. Rad1 Nxf4+ 26. gxf4 h5 27. Qe4
Qc7 28. c4 Rd6 29. Rxd6 Qxd6 30. Re3 Qd2+ 31. Re2 Qd8 32. b4 Qxh4 33. c5 bxc5
34. bxc5 Bxe5 35. Qxe5 Rd8 36. Qg5 Qxg5+ 37. fxg5 Rd5 38. Rc2 Rxg5+ 39. Kf2 Rd5
40. Ke3 Kg7 41. c6 Rd8 42. c7 Rc8 43. Kd4 Kf6 44. Rc6 Ke7 45. Kc5 Kd7 0-1

[Event "Liga Madrileña - DH 2015-2016"]
[Site "Madrid ESP"]
[Date "2016.01.23"]
[Round "7.44"]
[White "Plazuelo Pascual, Juan"]
[Black "Garrido Olivares, Ricard"]
[Result "1/2-1/2"]
[WhiteElo "2351"]
[BlackElo "2155"]
[PlyCount "153"]
[EventDate "2015.11.22"]
[EventType "team-tourn"]
[EventRounds "14"]
[EventCountry "ESP"]
[Source "lmi"]
[SourceDate "2015.11.22"]
[WhiteTeam "Virgen de Atocha"]
[BlackTeam "San Fernando de Henares"]
[WhiteTeamCountry "ESP"]
[BlackTeamCountry "ESP"]

1. d4 d5 2. c4 dxc4 3. e3 e5 4. Bxc4 exd4 5. exd4 Bd6 6. Nf3 Nf6 7. O-O O-O 8.
Nc3 Nc6 9. h3 h6 10. Qc2 Nb4 11. Qb1 Be6 12. Bxe6 fxe6 13. Re1 Qd7 14. a3 Nc6
15. b4 Rae8 16. Qb3 Qf7 17. Bb2 Nd5 18. Ne4 Nf4 19. b5 Ne7 20. Ne5 Bxe5 21.
dxe5 Ned5 22. Qg3 Qg6 23. Qxg6 Nxg6 24. g3 b6 25. Kg2 Ra8 26. a4 a6 27. Rec1
Ra7 28. Nc3 Nxc3 29. Bxc3 Rfa8 30. Rab1 axb5 31. axb5 Ne7 32. Bb4 Nd5 33. Rc6
Kf7 34. Rb3 Ra4 35. Bd2 Ra3 36. Rb2 Ra2 37. Rcc2 Rxb2 38. Rxb2 Ra3 39. f4 h5
40. g4 g6 41. Bc1 Rc3 42. Bd2 Rd3 43. Kh2 Ke7 44. Bc1 Nc3 45. Rb3 Kd7 46. Kg2
c5 47. bxc6+ Kxc6 48. gxh5 gxh5 49. Ba3 Rd2+ 50. Kg3 Nd5 51. Kh4 Nxf4 52. Bc1
Rd3 53. Rxd3 Nxd3 54. Bd2 b5 55. Kxh5 b4 56. Kg5 b3 57. Bc3 b2 58. Bxb2 Nxb2
59. h4 Nc4 60. h5 Nxe5 61. h6 Kd6 62. h7 Ke7 63. h8=N Kd6 64. Kf6 Kd5 65. Ke7
Nc6+ 66. Kf6 e5 67. Ng6 e4 68. Nf4+ Kc4 69. Ng2 Kd3 70. Kf5 Nd4+ 71. Kf4 Ne6+
72. Ke5 Nc5 73. Kd5 Nb3 74. Ne1+ Ke3 75. Ng2+ Kf3 76. Ne1+ Kf4 77. Ng2+ 1/2-1/2

[Event "Liga Madrileña - DH 2015-2016"]
[Site "Madrid ESP"]
[Date "2016.01.23"]
[Round "7.45"]
[White "Nunez Miranda, Adrian"]
[Black "Vazquez Torres, Adrian"]
[Result "0-1"]
[WhiteElo "2085"]
[BlackElo "2205"]
[PlyCount "136"]
[EventDate "2015.11.22"]
[EventType "team-tourn"]
[EventRounds "14"]
[EventCountry "ESP"]
[Source "lmi"]
[SourceDate "2015.11.22"]
[WhiteTeam "San Fernando de Henares"]
[BlackTeam "Virgen de Atocha"]
[WhiteTeamCountry "ESP"]
[BlackTeamCountry "ESP"]

1. e4 e6 2. d4 d5 3. Nd2 dxe4 4. Nxe4 Bd7 5. Nf3 Bc6 6. Neg5 Be7 7. Nxf7 Kxf7
8. Ne5+ Kf8 9. Qh5 Qe8 10. Qh3 Be4 11. c3 Nd7 12. f3 Bf5 13. g4 Bc2 14. f4 Nxe5
15. fxe5 Qc6 16. Bg2 Be4 17. O-O+ Ke8 18. Bxe4 Qxe4 19. g5 Qg6 20. Qf3 c6 21.
h4 h5 22. Qg2 Bd8 23. a4 Ne7 24. a5 a6 25. b4 Qd3 26. Bd2 Nf5 27. Rf3 Qe4 28.
Rf4 Qxg2+ 29. Kxg2 g6 30. Kf3 Rh7 31. Ke4 Rd7 32. Kd3 Bc7 33. Re4 b6 34. axb6
Bxb6 35. Kc4 Rd5 36. Rb1 Rad8 37. Be1 Bxd4 38. cxd4 Rxd4+ 39. Rxd4 Rxd4+ 40.
Kc5 Kd7 41. Ra1 Rd5+ 42. Kb6 Rxe5 43. Kxa6 Rb5 44. Ra5 Rb8 45. Ka7 Rc8 46. Kb6
Rb8+ 47. Kc5 Nd6 48. Kd4 Nb5+ 49. Kc5 Rf8 50. Ra2 Rf5+ 51. Kb6 Nc7 52. Rd2+ Rd5
53. Rf2 Rb5+ 54. Ka7 Rf5 55. Rd2+ Nd5 56. Kb7 Rf3 57. Rc2 Re3 58. Rc1 Re4 59.
Rb1 e5 60. Rd1 Rd4 61. Rb1 e4 62. Rb2 e3 63. Rc2 Rd1 64. Re2 Rb1 65. Ka7 Kc8
66. Bc3 Nxc3 67. Rxe3 Ra1+ 68. Kb6 Nd5+ 0-1

[Event "Liga Madrileña - DH 2015-2016"]
[Site "Madrid ESP"]
[Date "2016.01.23"]
[Round "7.46"]
[White "Perez de Aranda, Leonardo Ivan"]
[Black "De la Orden Alcocer, Alejandro"]
[Result "1/2-1/2"]
[WhiteElo "2078"]
[BlackElo "2024"]
[PlyCount "65"]
[EventDate "2015.11.22"]
[EventType "team-tourn"]
[EventRounds "14"]
[EventCountry "ESP"]
[Source "lmi"]
[SourceDate "2015.11.22"]
[WhiteTeam "Virgen de Atocha"]
[BlackTeam "San Fernando de Henares"]
[WhiteTeamCountry "ESP"]
[BlackTeamCountry "ESP"]

1. e4 Nf6 2. e5 Nd5 3. d4 d6 4. Nf3 dxe5 5. Nxe5 c6 6. Bc4 Nd7 7. Qf3 Nxe5 8.
dxe5 Be6 9. O-O Nc7 10. Be2 g6 11. Rd1 Qb8 12. c4 Bg7 13. Qg3 Bf5 14. Nc3 Ne6
15. f4 g5 16. fxg5 Bxe5 17. Qh4 Rg8 18. Rf1 Bg6 19. Be3 Qc7 20. Rad1 Rd8 21.
Bg4 Rxd1 22. Bxd1 Bxc3 23. bxc3 Qa5 24. Bb3 Qxc3 25. Bxa7 Qe5 26. Rd1 Qxg5 27.
Qxg5 Nxg5 28. Bb6 Ne6 29. c5 Be4 30. g3 Rg4 31. Bxe6 fxe6 32. Rd8+ Kf7 33. Rd7
1/2-1/2

[Event "Liga Madrileña - DH 2015-2016"]
[Site "Madrid ESP"]
[Date "2016.01.31"]
[Round "8.11"]
[White "Aranda Marin, Cristian"]
[Black "Arribas Lopez, Angel"]
[Result "0-1"]
[WhiteElo "2352"]
[BlackElo "2526"]
[PlyCount "94"]
[EventDate "2015.11.22"]
[EventType "team-tourn"]
[EventRounds "14"]
[EventCountry "ESP"]
[Source "lmi"]
[SourceDate "2015.11.22"]
[WhiteTeam "San Fernando de Henares"]
[BlackTeam "Collado Villalba"]
[WhiteTeamCountry "ESP"]
[BlackTeamCountry "ESP"]

1. d4 Nf6 2. Nf3 d6 3. Bg5 Nbd7 4. Nbd2 h6 5. Bh4 g5 6. Bg3 g4 7. Ng1 h5 8. Bh4
Bh6 9. e3 b6 10. c3 Bb7 11. Qc2 c5 12. dxc5 bxc5 13. Ne2 Rg8 14. Ng3 Bg5 15.
Bxg5 Rxg5 16. h4 Rg8 17. e4 Qc7 18. O-O-O d5 19. exd5 Bxd5 20. Kb1 Qf4 21. Nb3
c4 22. Nd4 Nc5 23. Qf5 Be4+ 24. Nxe4 Qxf5 25. Nxf5 Ncxe4 26. Rd4 e6 27. Nd6+
Nxd6 28. Rxd6 Ne4 29. Rc6 Kd7 30. Ra6 Nxf2 31. Rg1 Ne4 32. g3 Nd2+ 33. Kc2 Nf3
34. Rh1 Ke7 35. Bxc4 Rgd8 36. Bd3 f5 37. b4 Rd6 38. Rxd6 Kxd6 39. Rd1 Ke5 40.
c4 f4 41. gxf4+ Kxf4 42. c5 g3 43. Bf1 Rg8 44. Bg2 Nxh4 45. Bb7 g2 46. c6 Rg7
47. b5 Nf5 0-1

[Event "Liga Madrileña - DH 2015-2016"]
[Site "Madrid ESP"]
[Date "2016.01.31"]
[Round "8.12"]
[White "Ortega, Lexy"]
[Black "Garrido Olivares, Ricard"]
[Result "1-0"]
[WhiteElo "2476"]
[BlackElo "2155"]
[PlyCount "77"]
[EventDate "2015.11.22"]
[EventType "team-tourn"]
[EventRounds "14"]
[EventCountry "ESP"]
[Source "lmi"]
[SourceDate "2015.11.22"]
[WhiteTeam "Collado Villalba"]
[BlackTeam "San Fernando de Henares"]
[WhiteTeamCountry "ESP"]
[BlackTeamCountry "ESP"]

1. d4 d5 2. Nf3 Nf6 3. c4 dxc4 4. e3 Bg4 5. Bxc4 e6 6. h3 Bh5 7. O-O a6 8. Be2
Nc6 9. b3 Bd6 10. Bb2 O-O 11. Nbd2 Nd5 12. a3 f5 13. Rc1 Qe7 14. Nc4 Rac8 15.
b4 Nd8 16. Nxd6 Qxd6 17. Ne5 Bxe2 18. Qxe2 Nf7 19. Nd3 Qe7 20. f3 g5 21. e4
fxe4 22. fxe4 Nb6 23. Nc5 Nd6 24. Ba1 c6 25. Qa2 Rxf1+ 26. Rxf1 Re8 27. d5 cxd5
28. Nxe6 Qxe6 29. Qb2 Qe5 30. Qxe5 Rxe5 31. Bxe5 Nxe4 32. Bd4 Nc4 33. Rf5 Nxa3
34. Rxd5 Nc2 35. Bc5 h6 36. Rd7 a5 37. Re7 axb4 38. Re8+ Kf7 39. Re7+ 1-0

[Event "Liga Madrileña - DH 2015-2016"]
[Site "Madrid ESP"]
[Date "2016.01.31"]
[Round "8.13"]
[White "Del Valle Cirera, Adria"]
[Black "Moreno Ruiz, Javier"]
[Result "0-1"]
[WhiteElo "2107"]
[BlackElo "2435"]
[PlyCount "126"]
[EventDate "2015.11.22"]
[EventType "team-tourn"]
[EventRounds "14"]
[EventCountry "ESP"]
[Source "lmi"]
[SourceDate "2015.11.22"]
[WhiteTeam "San Fernando de Henares"]
[BlackTeam "Collado Villalba"]
[WhiteTeamCountry "ESP"]
[BlackTeamCountry "ESP"]

1. e4 e6 2. d4 d5 3. Nc3 Bb4 4. exd5 exd5 5. Bd3 Nf6 6. Nge2 O-O 7. O-O c6 8.
Ng3 Re8 9. Bf4 Bg4 10. f3 Bh5 11. a3 Bd6 12. Qd2 Bg6 13. Bxd6 Qxd6 14. Nf5 Bxf5
15. Bxf5 g6 16. Bd3 Nbd7 17. Rae1 Qc7 18. Nd1 Qb6 19. c3 c5 20. dxc5 Nxc5 21.
Kh1 a5 22. Bc2 Ne6 23. Ba4 Red8 24. Qe2 d4 25. cxd4 Rxd4 26. Nc3 Nf4 27. Qb5
Qxb5 28. Bxb5 Rd2 29. g3 Ne6 30. Re2 Rad8 31. Rff2 R2d4 32. Kg2 g5 33. Re5 h6
34. Rfe2 b6 35. Kf2 Kf8 36. b3 Nc5 37. Bc4 Rxc4 38. bxc4 Nd3+ 39. Kg2 Nxe5 40.
Rxe5 Rd3 41. Nb5 Rd2+ 42. Kh3 Kg7 43. g4 Kg6 44. a4 h5 45. Re3 hxg4+ 46. fxg4
Rxh2+ 47. Kg3 Ra2 48. Ra3 Rc2 49. Nd6 Nd7 50. Rf3 Ne5 51. Rf5 f6 52. Ne4 Nd7
53. c5 bxc5 54. Rd5 Rc4 55. Nd2 Rc3+ 56. Kg2 Ne5 57. Ne4 Ra3 58. Nxc5 Nxg4 59.
Rd4 Ne3+ 60. Kf2 Nf5 61. Rc4 Ne3 62. Rd4 f5 63. Nb7 g4 0-1

[Event "Liga Madrileña - DH 2015-2016"]
[Site "Madrid ESP"]
[Date "2016.01.31"]
[Round "8.14"]
[White "Reyes Larena, Juan"]
[Black "Nunez Miranda, Adrian"]
[Result "1/2-1/2"]
[WhiteElo "2447"]
[BlackElo "2085"]
[PlyCount "67"]
[EventDate "2015.11.22"]
[EventType "team-tourn"]
[EventRounds "14"]
[EventCountry "ESP"]
[Source "lmi"]
[SourceDate "2015.11.22"]
[WhiteTeam "Collado Villalba"]
[BlackTeam "San Fernando de Henares"]
[WhiteTeamCountry "ESP"]
[BlackTeamCountry "ESP"]

1. e4 c5 2. Nf3 Nc6 3. d3 e5 4. Nc3 Nf6 5. Bg5 Be7 6. a4 d6 7. Bxf6 Bxf6 8. Nd5
Be6 9. c3 Bxd5 10. exd5 Ne7 11. Qb3 Qb6 12. Qa2 O-O 13. h4 Rae8 14. Nd2 g6 15.
h5 Bg5 16. Ne4 h6 17. hxg6 Nxg6 18. Rh5 Nf4 19. Rxg5+ hxg5 20. Nf6+ Kg7 21.
Nxe8+ Rxe8 22. a5 Qb5 23. O-O-O Qd7 24. g3 Ng6 25. Be2 Qf5 26. Rf1 e4 27. Qc4
exd3 28. Qxd3 Qe4 29. Kd2 Qa4 30. f4 Qa2 31. Kc2 Qa4+ 32. Kd2 Qa2 33. Kc2 Qa4+
34. Kd2 1/2-1/2

[Event "Liga Madrileña - DH 2015-2016"]
[Site "Madrid ESP"]
[Date "2016.01.31"]
[Round "8.15"]
[White "De la Orden Alcocer, Alejandro"]
[Black "Martin Duque, Jesus"]
[Result "0-1"]
[WhiteElo "2024"]
[BlackElo "2347"]
[PlyCount "118"]
[EventDate "2015.11.22"]
[EventType "team-tourn"]
[EventRounds "14"]
[EventCountry "ESP"]
[Source "lmi"]
[SourceDate "2015.11.22"]
[WhiteTeam "San Fernando de Henares"]
[BlackTeam "Collado Villalba"]
[WhiteTeamCountry "ESP"]
[BlackTeamCountry "ESP"]

1. Nf3 Nf6 2. c4 c6 3. g3 d5 4. Bg2 Bg4 5. Qb3 Qb6 6. O-O e6 7. d3 Nbd7 8. Bf4
Be7 9. Nbd2 O-O 10. h3 Bh5 11. Qxb6 axb6 12. g4 Bg6 13. Nh4 Nxg4 14. Nxg6 fxg6
15. Bg3 Nge5 16. f4 Bc5+ 17. Kh2 Be3 18. Nb1 Nf7 19. Nc3 Nd6 20. Nd1 Nf5 21.
Be1 g5 22. fxg5 Bxg5 23. e4 dxe4 24. Bxe4 Nd4 25. Rxf8+ Rxf8 26. Bf2 e5 27. Kg2
Nc5 28. Nc3 Bd2 29. Rb1 Nde6 30. Bg3 Nf4+ 31. Bxf4 Rxf4 32. Ne2 Rf6 33. Rf1 Rd6
34. Rf5 Nd7 35. b3 g6 36. Rf3 Nc5 37. Ng3 Kg7 38. h4 h5 39. Kf2 Bf4 40. Ke2 Ne6
41. Kf2 Nd4 42. Re3 Bxe3+ 43. Kxe3 Ne6 44. Bf3 Nf4 45. Be4 Rf6 46. Bf3 Ne6 47.
Bxh5 gxh5 48. Nxh5+ Kg6 49. Nxf6 Kxf6 50. h5 Nd4 51. Ke4 Nf5 52. Kf3 Nd6 53.
Kg4 Nf7 54. Kf3 Kf5 55. Ke3 c5 56. a3 Nh6 57. Kd2 Ng4 58. Ke2 Nf6 59. b4 Nxh5
0-1

[Event "Liga Madrileña - DH 2015-2016"]
[Site "Madrid ESP"]
[Date "2016.01.31"]
[Round "8.16"]
[White "Martinez Rodriguez, Pablo"]
[Black "Rodriguez Lopez, Ruben"]
[Result "1-0"]
[WhiteElo "2259"]
[BlackElo "1949"]
[PlyCount "47"]
[EventDate "2015.11.22"]
[EventType "team-tourn"]
[EventRounds "14"]
[EventCountry "ESP"]
[Source "lmi"]
[SourceDate "2015.11.22"]
[WhiteTeam "Collado Villalba"]
[BlackTeam "San Fernando de Henares"]
[WhiteTeamCountry "ESP"]
[BlackTeamCountry "ESP"]

1. d4 d5 2. Nf3 Bf5 3. c4 e6 4. Nc3 Nc6 5. Bf4 Nf6 6. e3 a6 7. Rc1 Be7 8. Be2
O-O 9. O-O h6 10. h3 Rc8 11. cxd5 exd5 12. Na4 Bd7 13. Nc5 Bxc5 14. Rxc5 Ne7
15. Qb3 b5 16. Bd3 c6 17. Rfc1 Be8 18. Ne5 Nd7 19. Rxc6 Rxc6 20. Nxc6 Nxc6 21.
Rxc6 Qa8 22. Qc2 Nb8 23. Rc8 Bd7 24. Bh7+ 1-0

[Event "Liga Madrileña - DH 2015-2016"]
[Site "Madrid ESP"]
[Date "2016.01.31"]
[Round "8.21"]
[White "Candela Perez, Jose"]
[Black "Taboas Rodriguez, Daniel"]
[Result "1/2-1/2"]
[WhiteElo "2412"]
[BlackElo "2394"]
[PlyCount "114"]
[EventDate "2015.11.22"]
[EventType "team-tourn"]
[EventRounds "14"]
[EventCountry "ESP"]
[Source "lmi"]
[SourceDate "2015.11.22"]
[WhiteTeam "La Casa del Ajedrez"]
[BlackTeam "Blanco y Negro"]
[WhiteTeamCountry "ESP"]
[BlackTeamCountry "ESP"]

1. d4 Nf6 2. c4 g6 3. Nc3 Bg7 4. e4 d6 5. Nf3 O-O 6. Be2 e5 7. Be3 Ng4 8. Bg5
f6 9. Bh4 Nd7 10. d5 g5 11. Bg3 Nh6 12. Nd2 f5 13. exf5 Nxf5 14. Nde4 h6 15.
O-O Nf6 16. Rc1 Nd4 17. Bd3 Bf5 18. Re1 Nxe4 19. Bxe4 Qf6 20. Qd3 h5 21. Bxf5
Nxf5 22. Ne4 Qg6 23. f3 Bh6 24. Rcd1 g4 25. fxg4 Qxg4 26. Bf2 Kh8 27. Kh1 Rg8
28. Rg1 Raf8 29. c5 h4 30. cxd6 cxd6 31. Bxa7 Rf7 32. Bf2 Bf4 33. Qf3 Ng3+ 34.
Bxg3 hxg3 35. Qxg4 Rxg4 36. Rgf1 Rh4 37. h3 Rh6 38. Nxg3 Rc7 39. Ne2 Bg5 40.
Nc3 Rc4 41. Rf5 Bf4 42. Kg1 Kg7 43. Rd3 Rh8 44. g4 Rhc8 45. Rd1 Rb4 46. Ne2
Rxb2 47. Nxf4 exf4 48. Rxf4 Rcc2 49. a4 Rg2+ 50. Kf1 Rh2 51. Kg1 Rbg2+ 52. Kf1
Ra2 53. Kg1 Kg6 54. Rd3 Rag2+ 55. Kf1 Ra2 56. Kg1 Rhg2+ 57. Kf1 Rh2 1/2-1/2

[Event "Liga Madrileña - DH 2015-2016"]
[Site "Madrid ESP"]
[Date "2016.01.31"]
[Round "8.22"]
[White "Bolado Saez, Sergio"]
[Black "Gallego Jimenez, Victoriano"]
[Result "0-1"]
[WhiteElo "2359"]
[BlackElo "2362"]
[PlyCount "42"]
[EventDate "2015.11.22"]
[EventType "team-tourn"]
[EventRounds "14"]
[EventCountry "ESP"]
[Source "lmi"]
[SourceDate "2015.11.22"]
[WhiteTeam "Blanco y Negro"]
[BlackTeam "La Casa del Ajedrez"]
[WhiteTeamCountry "ESP"]
[BlackTeamCountry "ESP"]

1. d4 Nf6 2. c4 c5 3. d5 e6 4. f3 b5 5. e4 bxc4 6. Nc3 Ba6 7. Nh3 e5 8. f4 Bd6
9. g4 exf4 10. g5 Ng8 11. Bg2 Be5 12. O-O d6 13. Bxf4 Bd4+ 14. Kh1 Ne7 15. Qa4+
Kf8 16. e5 dxe5 17. d6 Qxd6 18. Bxa8 exf4 19. Nxf4 h6 20. Rae1 Be5 21. Ne4 Qd7
0-1